[Event "Heusenstamm Schloss op"]
[Site "Heusenstamm"]
[Date "2023.11.24"]
[Round "3"]
[White "Moldenhauer, Lennart"]
[Black "Benninger, Rudolf"]
[Result "0-1"]
[WhiteElo "1569"]
[BlackElo "1987"]
[PlyCount "114"]
[EventDate "2023.11.23"]
[EventType "swiss"]
[EventRounds "7"]
[EventCountry "GER"]
[SourceTitle "CB50_2023"]
[SourceDate "2023.12.13"]
[SourceVersion "1"]
[SourceVersionDate "2023.12.13"]
[SourceQuality "1"]

1. e4 g6 2. d4 Bg7 3. Nc3 c5 4. Nf3 Qa5 5. Be3 Nf6 6. Qd2 Nc6 7. d5 Nb4 8. a3 Nxe4 9. Nxe4 Nxc2+ 10. Kd1 Qxd2+ 11. Nfxd2 Nxa1 12. Kc1 d6 13. Kb1 Bd7 14. Kxa1 b5 15. Bd3 0-0 16. Re1 f5 17. Nxc5 dxc5 18. Bxc5 Rae8 19. Bxa7 b4 20. Bc5 bxa3 21. Bxa3 Ra8 22. Kb1 Rfb8 23. Kc1 Bb5 24. Bc2 Rc8 25. Kb1 Rcb8 26. Bb3 Bd3+ 27. Ka2 Kf8 28. Re3 Bb5 29. f4 Bd4 30. Re6 Rb6 31. Re1 Bd3 32. Nf3 Bf6 33. Ne5 Bxe5 34. Rxe5 Ra7 35. Re1 Rab7 36. Ba4 Bc4+ 37. Ka1 Bxd5 38. g3 Bb3 39. Bxb3 Rxb3 40. Ka2 Rd3 41. Re2 Rbd7 42. Bb4 Ra7+ 43. Kb1 Kf7 44. Kc2 Rd4 45. Bc3 Re4 46. Rd2 Ke6 47. Bd4 Rd7 48. Kc3 Rd5 49. b4 Kd7 50. Kc4 Kc6 51. Rd3 e6 52. Rd2 g5 53. b5+ Rxb5 54. Rc2 Rd5 55. Kb3+ Kb5 56. Bf2 gxf4 57. gxf4 Rxf4 0-1

[Event "Rhein Main op-B 25th"]
[Site "Bad Homburg"]
[Date "2023.06.10"]
[Round "5"]
[White "Moldenhauer, Lennart"]
[Black "Krombach, Karl Heinz"]
[Result "1-0"]
[WhiteElo "1530"]
[BlackElo "1869"]
[PlyCount "39"]
[EventDate "2023.06.07"]
[EventType "swiss"]
[EventRounds "7"]
[EventCountry "GER"]
[SourceTitle "CBM 215 Extra"]
[Source "ChessBase"]
[SourceDate "2023.09.30"]
[SourceVersion "1"]
[SourceVersionDate "2023.09.30"]
[SourceQuality "1"]

1. e4 c5 2. a3 Nc6 3. b4 cxb4 4. axb4 Nxb4 5. c3 Nc6 6. d4 d6 7. d5 Ne5 8. f4 Nd7 9. Nf3 g6 10. Qd4 f6 11. Bb5 Bg7 12. Ng5 fxg5 13. Qxg7 Qb6 14. Qxh8 Kf8 15. Bxd7 Bxd7 16. Qd4 Qxd4 17. cxd4 gxf4 18. 0-0 a6 19. Bxf4 Kg7 20. Nd2 1-0

[Event "DSOL 06 Liga Gr-A 1st"]
[Site "Playchess.com INT"]
[Date "2020.07.15"]
[Round "4.3"]
[White "Moldenhauer, Lennart"]
[Black "Willert, Thorben"]
[Result "1-0"]
[WhiteElo "1592"]
[BlackElo "1229"]
[PlyCount "49"]
[EventDate "2020.06.22"]
[EventType "team-tourn (rapid)"]
[EventCountry "GER"]
[SourceTitle "EXT 2021"]
[Source "ChessBase"]
[SourceDate "2020.10.23"]
[SourceVersion "1"]
[SourceVersionDate "2020.10.23"]
[SourceQuality "1"]
[WhiteTeam "Oberursel II"]
[BlackTeam "Wilhelmsburg"]
[WhiteTeamCountry "GER"]
[BlackTeamCountry "GER"]

1. e4 e5 2. Nf3 Nc6 3. Bc4 Bc5 4. c3 Nf6 5. d3 0-0 6. 0-0 h6 7. Nbd2 d6 8. Bb3 Be6 9. Re1 Ne7 10. Nf1 Ng6 11. Ng3 c6 12. Bxe6 fxe6 13. Qb3 Qd7 14. d4 exd4 15. cxd4 Bb6 16. Bd2 Kh8 17. h3 e5 18. dxe5 Nxe5 19. Bf4 Nxf3+ 20. Qxf3 d5 21. e5 Nh7 22. e6 Qe7 23. Qg4 Rae8 24. Nf5 Qc5 25. Qxg7# 1-0

[Event "GER-chT School WK 2"]
[Site "Playchess.com INT"]
[Date "2020.06.15"]
[Round "5.3"]
[White "Moldenhauer, Lennart"]
[Black "Prieb, Robert"]
[Result "0-1"]
[WhiteElo "1713"]
[BlackElo "1913"]
[PlyCount "74"]
[EventDate "2020.06.08"]
[EventType "team-swiss (blitz)"]
[EventRounds "7"]
[EventCountry "GER"]
[SourceTitle "EXT 2021"]
[Source "ChessBase"]
[SourceDate "2020.10.23"]
[SourceVersion "1"]
[SourceVersionDate "2020.10.23"]
[SourceQuality "1"]
[WhiteTeam "Oberursel Gymn"]
[BlackTeam "Paderborn Pelizaeus"]
[WhiteTeamCountry "GER"]
[BlackTeamCountry "GER"]

1. e4 c5 2. Nc3 a6 3. g3 b5 4. Bg2 Bb7 5. d3 e6 6. Nge2 d5 7. exd5 exd5 8. d4 c4 9. 0-0 Nf6 10. Bg5 b4 11. Bxf6 gxf6 12. Nb1 Bh6 13. Nd2 Nc6 14. Re1 0-0 15. Nf3 Ne7 16. a3 a5 17. Nf4 Bxf4 18. gxf4 Nf5 19. Bh3 Ng7 20. Nh4 Bc8 21. f5 Bd7 22. Qf3 Bc6 23. Qf4 Kh8 24. Kh1 Rg8 25. Ng2 Bd7 26. Ne3 Bc8 27. Bg2 Ra7 28. axb4 a4 29. Ra3 Qe7 30. c3 Nxf5 31. Raa1 Nxe3 32. Rxe3 Qd8 33. Rf3 Rg6 34. Re3 Be6 35. f3 Qg8 36. Rg1 a3 37. bxa3 Rxa3 0-1

[Event "Rhein Main op-B 22nd"]
[Site "Bad Homburg"]
[Date "2019.06.19"]
[Round "1"]
[White "Moldenhauer, Lennart"]
[Black "Rieger, Mario"]
[Result "1/2-1/2"]
[WhiteElo "1469"]
[BlackElo "1876"]
[PlyCount "30"]
[EventDate "2019.06.19"]
[EventType "swiss"]
[EventRounds "7"]
[EventCountry "GER"]
[SourceTitle "EXT 2020"]
[Source "ChessBase"]
[SourceDate "2019.10.17"]
[SourceVersion "1"]
[SourceVersionDate "2019.10.17"]
[SourceQuality "1"]

1. e4 c6 2. d4 d5 3. Nd2 dxe4 4. Nxe4 Nd7 5. Ng5 Ngf6 6. Bc4 e6 7. Qe2 Nb6 8. c3 h6 9. N5f3 Nxc4 10. Qxc4 b5 11. Qxc6+ Bd7 12. Qb7 Rb8 13. Qxa7 Ra8 14. Qb7 Rb8 15. Qa7 Ra8 1/2-1/2

[Event "Heusenstamm Sparkassen op-B 5th"]
[Site "Heusenstamm"]
[Date "2018.11.22"]
[Round "1"]
[White "Moldenhauer, Lennart"]
[Black "Tojcic, Josip"]
[Result "0-1"]
[WhiteElo "1488"]
[BlackElo "1751"]
[PlyCount "100"]
[EventDate "2018.11.22"]
[EventType "swiss"]
[EventRounds "7"]
[EventCountry "GER"]
[SourceTitle "CBM 187 Extra"]
[Source "ChessBase"]
[SourceDate "2018.11.04"]
[SourceVersion "1"]
[SourceVersionDate "2018.11.04"]
[SourceQuality "1"]

1. e4 c6 2. d4 d5 3. Nd2 g6 4. Ngf3 Bg4 5. c3 Bg7 6. h3 dxe4 7. Nxe4 Bxf3 8. Qxf3 Nf6 9. Bf4 Nbd7 10. Bc4 Nxe4 11. Qxe4 Nf6 12. Qc2 0-0 13. 0-0 e6 14. Qb3 Qb6 15. Qxb6 axb6 16. a4 Nd5 17. Bxd5 exd5 18. Rfe1 Bf6 19. b3 Kg7 20. Bc7 Ra6 21. a5 bxa5 22. Rxa5 Rfa8 23. Rea1 Rxa5 24. Rxa5 Rxa5 25. Bxa5 Be7 26. Kf1 Kf6 27. Ke2 Ke6 28. Kd3 b5 29. c4 bxc4+ 30. bxc4 Bh4 31. cxd5+ Kxd5 32. g3 Bf6 33. Bc3 Bd8 34. Bd2 Bb6 35. Be3 h5 36. g4 f5 37. gxf5 gxf5 38. f4 Ba7 39. Bf2 Bb8 40. Be3 Bd6 41. Bd2 Ba3 42. Be3 Bb2 43. Bg1 Bc1 44. Bh2 h4 45. Kc3 Ke4 46. Kc4 Ba3 47. Kb3 Bd6 48. Kc4 Bxf4 49. Bxf4 Kxf4 50. Kc5 Ke4 0-1

[Event "Heusenstamm Sparkassen op-B 4th"]
[Site "Heusenstamm"]
[Date "2017.11.25"]
[Round "5"]
[White "Moldenhauer, Lennart"]
[Black "Weyerer, Noah"]
[Result "1/2-1/2"]
[WhiteElo "1502"]
[BlackElo "1154"]
[PlyCount "82"]
[EventDate "2017.11.23"]
[EventType "swiss"]
[EventRounds "7"]
[EventCountry "GER"]
[SourceTitle "EXT 2019"]
[Source "ChessBase"]
[SourceDate "2018.10.10"]
[SourceVersion "1"]
[SourceVersionDate "2018.10.10"]
[SourceQuality "1"]

1. e4 e5 2. Nf3 Nc6 3. d4 exd4 4. Nxd4 Bc5 5. Nf5 g6 6. Ne3 Nf6 7. Nc3 0-0 8. g3 Bb4 9. Bg2 Re8 10. Qd3 Qe7 11. Ned5 Nxd5 12. Qxd5 Qe6 13. Qd3 d5 14. 0-0 Bxc3 15. Qxc3 dxe4 16. Bh6 Qe5 17. Qxe5 Rxe5 18. Bf4 Re7 19. Rfe1 Bf5 20. h3 Nb4 21. Re2 Rae8 22. g4 Bc8 23. a3 Nd5 24. Bg3 c6 25. Rae1 f5 26. c4 Nf6 27. f3 e3 28. Bh4 Kg7 29. Bg5 h6 30. Bf4 g5 31. Bd6 Re6 32. Bc5 b6 33. Bd4 f4 34. Bf1 c5 35. Bc3 Ba6 36. Rh2 Bb7 37. Bg2 Ba6 38. Bf1 Bb7 39. Bg2 Ba6 40. Bf1 Bb7 41. Bg2 Ba6 1/2-1/2

[Event "Heusenstamm Sparkassen op-B 4th"]
[Site "Heusenstamm"]
[Date "2017.11.24"]
[Round "3"]
[White "Moldenhauer, Lennart"]
[Black "Von Beckh, Frieda"]
[Result "1-0"]
[WhiteElo "1502"]
[BlackElo "1288"]
[PlyCount "123"]
[EventDate "2017.11.23"]
[EventType "swiss"]
[EventRounds "7"]
[EventCountry "GER"]
[SourceTitle "EXT 2019"]
[Source "ChessBase"]
[SourceDate "2018.10.10"]
[SourceVersion "1"]
[SourceVersionDate "2018.10.10"]
[SourceQuality "1"]

1. e4 d5 2. exd5 Nf6 3. d4 Nxd5 4. c4 Nb6 5. Nf3 Nc6 6. d5 Nb8 7. Be2 e6 8. dxe6 Qxd1+ 9. Bxd1 Bxe6 10. b3 Be7 11. Bb2 0-0 12. 0-0 N8d7 13. Ne5 Bf6 14. Nxd7 Nxd7 15. Bxf6 Nxf6 16. Bf3 c6 17. Nc3 Rad8 18. Rad1 Rfe8 19. Ne4 Nxe4 20. Bxe4 Bg4 21. f3 Rxd1 22. Rxd1 Be6 23. Kf2 g6 24. Rd6 f5 25. Bc2 Kf7 26. f4 Ke7 27. Rd1 Rd8 28. Rxd8 Kxd8 29. Ke3 c5 30. Bd1 Kc7 31. Kd3 Kb6 32. Kc3 Ka5 33. Be2 Bd7 34. a3 b6 35. h3 Bc6 36. g3 h6 37. g4 Bd7 38. b4+ Ka6 39. Kb3 Bc6 40. b5+ Bxb5 41. cxb5+ Kb7 42. gxf5 gxf5 43. Bd3 Kc7 44. Bxf5 Kd6 45. Kc4 Ke7 46. Kd5 Kf6 47. Bd3 h5 48. Kc6 Ke6 49. Kb7 Kd5 50. Kxa7 c4 51. Bxc4+ Ke4 52. Kxb6 Kxf4 53. Kc6 Kg3 54. Be6 h4 55. b6 Kf4 56. b7 Ke4 57. b8Q Kd4 58. Qb4+ Kd3 59. Kd5 Kc2 60. Kd4 Kc1 61. Kd3 Kd1 62. Qb1# 1-0

[Event "Bad Soden U14 op"]
[Site "Bad Soden"]
[Date "2017.10.01"]
[Round "4"]
[White "Haller, Andreas"]
[Black "Moldenhauer, Lennart"]
[Result "1-0"]
[WhiteElo "1033"]
[BlackElo "1272"]
[PlyCount "79"]
[EventDate "2017.09.30"]
[EventType "swiss"]
[EventRounds "9"]
[EventCountry "GER"]
[SourceTitle "EXT 2019"]
[Source "ChessBase"]
[SourceDate "2018.10.10"]
[SourceVersion "1"]
[SourceVersionDate "2018.10.10"]
[SourceQuality "1"]

1. e4 e5 2. Nf3 Nc6 3. Bc4 Nf6 4. Nc3 Nxe4 5. Nxe4 d5 6. Bd3 dxe4 7. Bxe4 Bg4 8. h3 Bh5 9. g4 Bg6 10. Bxc6+ bxc6 11. Nxe5 Qd5 12. Nf3 Qe4+ 13. Qe2 Qxe2+ 14. Kxe2 Bxc2 15. d3 Rd8 16. Ne5 f6 17. Nxc6 Bxd3+ 18. Kf3 Rd6 19. Nxa7 Ra6 20. Ke3 Bc5+ 21. Kxd3 Rd6+ 22. Kc2 Bxa7 23. Re1+ Kf7 24. Re2 Re8 25. Rxe8 Kxe8 26. f3 Re6 27. Bd2 Rc6+ 28. Bc3 Bd4 29. Re1+ Kf7 30. Rd1 Bxc3 31. bxc3 Ke7 32. a4 Rc5 33. Kb3 h5 34. Kb4 Re5 35. a5 hxg4 36. hxg4 Kf7 37. a6 Re8 38. Rd7+ Kg6 39. Rxc7 Ra8 40. a7 1-0

[Event "Bad Soden U14 op"]
[Site "Bad Soden"]
[Date "2017.09.30"]
[Round "1"]
[White "Moldenhauer, Lennart"]
[Black "Samodurov, Georg"]
[Result "1-0"]
[WhiteElo "1272"]
[BlackElo "831"]
[PlyCount "69"]
[EventDate "2017.09.30"]
[EventType "swiss"]
[EventRounds "9"]
[EventCountry "GER"]
[SourceTitle "EXT 2019"]
[Source "ChessBase"]
[SourceDate "2018.10.10"]
[SourceVersion "1"]
[SourceVersionDate "2018.10.10"]
[SourceQuality "1"]

1. e4 e5 2. Nf3 Nc6 3. d4 d6 4. dxe5 dxe5 5. Qxd8+ Kxd8 6. Bc4 Nh6 7. Bxh6 gxh6 8. Bxf7 Bd7 9. Nc3 Bc5 10. Bd5 Nb4 11. Bb3 Re8 12. a3 Nc6 13. Na4 Bd6 14. 0-0-0 Na5 15. Bd5 Bxa4 16. Bf7 Re7 17. Ba2 Bb5 18. b4 Nc6 19. Bb3 Be2 20. Rd2 Bxf3 21. gxf3 Nd4 22. Ba2 Nxf3 23. Rd3 Ng5 24. c4 c6 25. c5 Rd7 26. cxd6 Nxe4 27. Rg1 Nf6 28. Be6 e4 29. Rdd1 Ke8 30. Bxd7+ Kxd7 31. Rg7+ Kd8 32. Rf7 Nd7 33. Rxh7 Ke8 34. Re1 Nf6 35. Rh8+ 1-0

[Event "Rhein Main op-B 20th"]
[Site "Bad Homburg"]
[Date "2017.06.18"]
[Round "7"]
[White "Moldenhauer, Lennart"]
[Black "Zannoni, Rudolf"]
[Result "1-0"]
[WhiteElo "1215"]
[BlackElo "1455"]
[PlyCount "75"]
[EventDate "2017.06.14"]
[EventType "swiss"]
[EventRounds "7"]
[EventCountry "GER"]
[SourceTitle "EXT 2018"]
[Source "ChessBase"]
[SourceDate "2017.10.13"]
[SourceVersion "1"]
[SourceVersionDate "2017.10.13"]
[SourceQuality "1"]

1. e4 Nf6 2. e5 Nd5 3. c4 Nb6 4. d4 d6 5. Nf3 Bg4 6. exd6 exd6 7. Nc3 d5 8. c5 Nc8 9. h3 Bh5 10. Be2 h6 11. Ne5 Bxe2 12. Qxe2 Ne7 13. Qb5+ Nd7 14. Nxd7 Qxd7 15. Qxb7 Qc8 16. Qxc8+ Rxc8 17. 0-0 c6 18. Re1 g6 19. Bf4 Kd7 20. Be5 Rg8 21. Re3 Nf5 22. Rf3 Re8 23. g4 Bxc5 24. gxf5 gxf5+ 25. Kh1 Bb6 26. Rxf5 Ke6 27. Rf6+ Kd7 28. Rxf7+ Re7 29. Rxe7+ Kxe7 30. Rg1 Rxg1+ 31. Kxg1 Ke6 32. f4 Kf5 33. Kf2 Ke6 34. Na4 h5 35. Nxb6 axb6 36. Ke3 Kf5 37. a4 Ke6 38. b4 1-0